| 000 | 00542cas a22001815a 4500 | ||
|---|---|---|---|
| 001 | L138663 | ||
| 008 | 070702c xxkqr p 0 a0eng u | ||
| 035 | _a(Sirsi) u138663 | ||
| 041 | 0 | _aeng | |
| 110 | 2 |
_aSociety of Chief Quantity Surveyors in Local Government _93033 |
|
| 245 | 0 | 0 | _aSCQS Quarterly |
| 260 |
_aAmersham _bSociety of Chief Quantity Surveyors in Local Government _c[19-?]- |
||
| 362 | 0 | _aDecember 1986-Spring 1994 | |
| 554 | _aFour per year | ||
| 651 | 4 |
_aUnited Kingdom _y |
|
| 690 |
_aQuantity surveying _96263 |
||
| 942 | _n0 | ||
| 999 |
_c119010 _d119010 |
||